000
00294nam a2200109Ia 4500
008
220204s9999 xx 000 0 und d
082
_a
631.452
_b
IND
245
0
_a
International symposium on soil fertility evaluation
260
_a
New Delhi
_b
IARI
_c
1971
650
_a
Soil fertility
942
_c
BK
999
_c
22263
_d
22263